|
|
|
|
| LEADER |
01002nam a22002657a 4500 |
| 001 |
41765 |
| 003 |
BD-DhAAL |
| 008 |
230926r20042003ii ||||| b||| 001 0 eng d |
| 020 |
|
|
|a 8187606371
|
| 020 |
|
|
|a 9788187606376
|
| 040 |
|
|
|a BD-DhAAL
|c BD-DhAAL
|
| 082 |
|
|
|a 374
|2 23
|
| 245 |
|
|
|a Dynamics of non-formal education /
|c edited by S. C. Joshi.
|
| 260 |
|
|
|a New Delhi :
|b Akansha Publishing,
|c c2203 [reprinted 2004].
|
| 300 |
|
|
|a viii, 199 pages ;
|c 22 cm.
|
| 504 |
|
|
|a Includes bibliographical references and index.
|
| 526 |
|
|
|a BIED
|
| 541 |
|
|
|a Complimentary copy from BIED
|e 41765
|
| 650 |
|
|
|a Non-formal education.
|
| 650 |
|
|
|a Adult education.
|
| 700 |
|
|
|a Joshi, S. C.
|9 55599
|
| 852 |
|
|
|a Ayesha Abed Library
|c BIED Collection
|
| 942 |
|
|
|2 ddc
|c BK
|
| 999 |
|
|
|c 46174
|d 46174
|
| 952 |
|
|
|0 0
|1 0
|2 ddc
|4 0
|6 374_000000000000000_DYN
|7 0
|9 74460
|a BRACUL
|b BRACUL
|c GEN
|d 2023-09-26
|e Complimentary copy from BIED
|g 159.00
|l 0
|o 374 DYN
|p 3010041765
|r 2023-09-26
|w 2023-09-26
|y BK
|x Transferred from BIED to General Stacks
|